00958cam a2200265 a 450000100100000000500170001000800410002704000290006808200200009710000380011724501000015526000710025530000280032649000110035465000300036565000320039574000180042774000230044574000260046883000170049491000340051104900090054595201230055499900150067700000967720200929161652.0840822s1969 ho a 000 d spa d aDO-SdBNPbspacLCdBNPHU aHo862.44bM875t1 aMorris Bermudez, Andrés.92457710aTrilogía istmica :bel guarizama, oficio de hombres, la miel del abejorro /cAndrés Morris. aTegucigalpa :bUniversidad Nacional Autónoma de Honduras,c1969. a144 p. :bil. ;c28 cm.1 aTeatro 4aTeatro hondureño924578 4aLiteratura hondureña98363 aEl guarizama.0 aOficio de hombres.3 aLa miel del abejorro. 0aTeatro95617 aCatalogación por copia / LC aBNGR 001052708MOaGRbGRcCTd2009-09-30iLF1l0oHo862.44 M875tp9677-10r2020-06-25w2020-06-25y2ZPréstamo interno c9437d9437